书目信息 |
| 题名: |
亲历共和国60年
|
|
| 作者: | 陈一然 编著 | |
| 分册: | ||
| 出版信息: | 北京 人民出版社 2009 |
|
| 页数: | 347页 | |
| 开本: | 24cm | |
| 丛书名: | ||
| 单 册: | ||
| 中图分类: | K270.5 | |
| 科图分类: | ||
| 主题词: | 历史事件--中国--1949~2009 , 历史事件 | |
| 电子资源: | ||
| ISBN: | 978-7-01-007852-6 | |
| 000 | 01039nam0 2200253 45 | |
| 001 | 1032971968 | |
| 005 | 20100409101948.64 | |
| 010 | @a978-7-01-007852-6@dCNY49.00 | |
| 100 | @a20100331d2009 em y0chiy0110 ea | |
| 101 | 0 | @achi |
| 102 | @aCN@b110000 | |
| 105 | @aa z 000yy | |
| 106 | @ar | |
| 200 | 1 | @a亲历共和国60年@AQin Li Gong He Guo 60 Nian@e历史进程中的重大事件与决策@ELi Shi Jin Cheng Zhong De Zhong Da Shi Jian Yu Jue Ce@f陈一然编著@FChen Yi Ran Bian Zhu |
| 210 | @a北京@c人民出版社@d2009 | |
| 215 | @a347页@c照片@d24cm | |
| 330 | @a本书通过选取亲历者对共和国六十年历史具有重要影响事件的回忆文章,从而认识和了解共和国历史六十年历程中的重大事件和重要决策的来龙去脉,理解和感受共和国六十年发展历程的艰难和曲折、功绩和荣光。 | |
| 517 | 1 | @a历史进程中的重大事件与决策@ALi Shi Jin Cheng Zhong De Zhong Da Shi Jian Yu Jue Ce |
| 606 | 0 | @a历史事件@y中国@z1949~2009 |
| 606 | 0 | @a历史事件 |
| 690 | @aK270.5@v4 | |
| 701 | 0 | @a陈一然@AChen Yi Ran@4编著 |
| 801 | 0 | @aCN@bTANGWEI@c20100409 |
| 905 | @b0586871-75@dK270.5@e41@f5 | |
| 亲历共和国60年:历史进程中的重大事件与决策/陈一然编著.-北京:人民出版社,2009 |
| 347页:照片;24cm |
| ISBN 978-7-01-007852-6:CNY49.00 |
| 本书通过选取亲历者对共和国六十年历史具有重要影响事件的回忆文章,从而认识和了解共和国历史六十年历程中的重大事件和重要决策的来龙去脉,理解和感受共和国六十年发展历程的艰难和曲折、功绩和荣光。 |
| ● |
| 相关链接 |
|
|
|
|
正题名:亲历共和国60年
索取号:K270.5/41
 
预约/预借
| 序号 | 登录号 | 条形码 | 馆藏地/架位号 | 状态 | 备注 |
| 1 | 0586871 | 205868710 | 第二样本阅览室/ [索取号:K270.5/41] | 在馆 | |
| 2 | 0586872 | 205868729 | 第二借阅区/ [索取号:K270.5/41] | 在馆 | |
| 3 | 0586873 | 205868738 | 第二借阅区/ [索取号:K270.5/41] | 在馆 | |
| 4 | 0586874 | 205868747 | 第二借阅区/ [索取号:K270.5/41] | 在馆 | |
| 5 | 0586875 | 205868756 | 第二借阅区/ [索取号:K270.5/41] | 在馆 |